Statistics for Top 15 Celebrities Born In 1949

Click here to take the quiz!

General Stats

  • This quiz has been taken 101 times
  • The average score is 6 of 15

Answer Stats

Answer% Correct
Meryl Streep
86%
Lionel Richie
76%
Sigourney Weaver
70%
Jeff Bridges
68%
Caitlyn Jenner
59%
Bruce Springsteen
51%
Billy Joel
49%
Ivana Trump
36%
Gene Simmons
32%
Sissy Spacek
32%
Robert Englund
21%
Shelley Duval
16%
Jim Varney
8%
Rick Springfield
5%
Steve Perry
5%

Score Distribution

Percentile by Number Answered

Percent of People with Each Score

Your Score History

You have not taken this quiz